000 00470nam a22001697a 4500
005 20251108172753.0
008 250721s2002 xx 000 0 ara d
082 1 4 _a615.882/حسي
100 1 _aالحسيني، أيمن
245 1 0 _aعالج نفسك بالعسل /
264 1 _aالقاهرة :
_bدار الطلائع للنشر،
_c2002.
300 _a112ص
650 1 7 _aالطب الشعبي
650 1 7 _aالعسل
942 _2ddc
_cBK
999 _c88084
_d88084